50 Biggest cities in Italy on a map - Statistics

General Stats
  • This quiz has been taken 195 times
  • The average score is 29 of 50
Answers on the Map
Answers color-coded by a green-red scale on the quiz's map according to % correct below.
 
Answer Stats
City Population % Correct
Milan 1,349,930
98%
Rome 2,749,031
98%
Turin 848,748
96%
Florence 361,619
95%
Naples 921,142
95%
Venice 251,944
95%
Palermo 635,439
94%
Genoa 561,203
90%
Bologna 387,842
89%
Bari 315,948
87%
Verona 255,985
83%
Trieste 199,015
81%
Catania 301,104
79%
Cagliari 149,092
78%
Bergamo 119,476
75%
Parma 195,436
74%
Messina 221,246
70%
Modena 184,971
67%
Padua 206,651
67%
Trento 117,847
67%
Udine 97,736
67%
Syracuse 117,055
66%
Brescia 195,906
65%
Livorno 154,483
62%
Bolzano 106,601
57%
Salerno 128,136
56%
Taranto 189,461
56%
Rimini 149,169
54%
Monza 121,984
51%
Ravenna 155,836
50%
Sassari 122,159
50%
Ancona 98,402
49%
Ferrara 129,872
49%
Perugia 162,362
49%
Pescara 118,992
45%
Vicenza 110,293
45%
Foggia 146,803
39%
Latina 127,861
37%
Piacenza 102,364
37%
Prato 195,213
34%
Arezzo 96,717
30%
Forlì 116,558
29%
Terni 107,165
29%
Novara 101,367
27%
Reggio di Calabria 172,479
25%
Cesena 96,168
23%
Pesaro 95,670
16%
Andria 97,588
13%
Reggio nell'Emilia 169,908
8%
Giugliano in Campania 123,758
7%
No matching quizzes found
Score Distribution
Percent of People with Each Score
Percentile by Number Answered
Your Score History
You have not taken this quiz